MARC details
| 000 -LEADER |
| campo de control de longitud fija |
01596nam a2200337Ia 4500 |
| 000 - LEADER |
| campo de control de longitud fija |
nam a22 i 4500 |
| 001 - NÚMERO DE CONTROL |
| campo de control |
UNACH-7699 |
| 007 - CAMPO FIJO DE DESCRIPCIÓN FÍSICA--INFORMACIÓN GENERAL |
| campo de control de longitud fija |
ta |
| 008 - DATOS DE LONGITUD FIJA--INFORMACIÓN GENERAL |
| campo de control de longitud fija |
221212s ||||fr|||| 00| | spa d |
| 020 ## - NÚMERO INTERNACIONAL ESTÁNDAR DEL LIBRO |
| Número Internacional Estándar del Libro |
978-958-682-792-6 |
| 041 0# - CÓDIGO DE IDIOMA |
| Código de lengua del texto/banda sonora o título independiente |
spa |
| 082 04 - NÚMERO DE LA CLASIFICACIÓN DECIMAL DEWEY |
| Número de clasificación |
511.8 |
| Número de ítem |
Matemáticas financieras - Modelos matemáticos. |
| 100 1# - ENTRADA PRINCIPAL--NOMBRE DE PERSONA |
| Nombre de persona |
Serrano Rodriguez, Javier, |
| Término indicativo de función/relación |
autor |
| 245 10 - MENCIÓN DEL TÍTULO |
| Título |
Matemáticas financieras y evaluación de proyectos. |
| 250 ## - MENCION DE EDICION |
| Mención de edición |
Segunda edición |
| 264 31 - PRODUCCIÓN, PUBLICACIÓN, DISTRIBUCIÓN, FABRICACIÓN Y COPYRIGHT |
| Producción, publicación, distribución, fabricación y copyright |
[Buenos Aires] : |
| -- |
Argentina : |
| Nombre del de productor, editor, distribuidor, fabricante |
Alfaomega Grupo Editor Argentino S.A., |
| Fecha de producción, publicación, distribución, fabricación o copyright |
2010 |
| 300 ## - DESCRIPCIÓN FÍSICA |
| Extensión |
433 páginas : |
| Otras características físicas |
ilustraciones y tablas |
| 336 ## - TIPO DE CONTENIDO |
| Término de tipo de contenido |
texto |
| Código de tipo de contenido |
txt |
| Fuente |
rdacontent |
| 337 ## - TIPO DE MEDIO |
| Nombre/término del tipo de medio |
no mediado |
| Código del tipo de medio |
n |
| Fuente |
rdamedia |
| 338 ## - TIPO DE SOPORTE |
| Nombre/término del tipo de soporte |
volumen |
| Código del tipo de soporte |
nc |
| Fuente |
rdacarrier |
| 504 ## - NOTA DE BIBLIOGRAFÍA, ETC. |
| Nota de bibliografía, etc. |
Incluye: bibliografía. |
| 505 0# - NOTA DE CONTENIDO CON FORMATO |
| Nota de contenido con formato |
Proyectos de inversión y proyecto de financiamiento.-- La tasa de interés de oportunidad y las relaciones de equivalencia.-- interes nominal y efectivo.-- Indicadores para medir la bondad: económica de un proyecto de inversión.-- Matemáticas financieras: resumen a través de problemas avanzados.-- Información financiera. Estructura operacional y apalancamiento operacional.-- Rentabilidad del proyecto en sí y rentabilidad del capital propio aportado al proyecto.-- Flujo de caja libre para el proyecto y para el inversionista: casos. |
| 650 14 - PUNTO DE ACCESO ADICIONAL DE MATERIA--TÉRMINO DE MATERIA |
| Término de materia o nombre geográfico como elemento de entrada |
RENTABILIDAD |
| 650 24 - PUNTO DE ACCESO ADICIONAL DE MATERIA--TÉRMINO DE MATERIA |
| Término de materia o nombre geográfico como elemento de entrada |
AMORTIZACIÓN |
| 650 24 - PUNTO DE ACCESO ADICIONAL DE MATERIA--TÉRMINO DE MATERIA |
| Término de materia o nombre geográfico como elemento de entrada |
DIAGRAMAS DE FLUJO |
| 650 24 - PUNTO DE ACCESO ADICIONAL DE MATERIA--TÉRMINO DE MATERIA |
| Término de materia o nombre geográfico como elemento de entrada |
EJERCICIOS PARA RESOLVER |
| 650 24 - PUNTO DE ACCESO ADICIONAL DE MATERIA--TÉRMINO DE MATERIA |
| Término de materia o nombre geográfico como elemento de entrada |
INTERES EFECTIVO |
| 653 0# - TÉRMINO DE INDIZACIÓN--NO CONTROLADO |
| Término no controlado |
Matematicas financieras - Modelos matemáticos. |
| 942 ## - ELEMENTOS DE ENTRADA SECUNDARIOS (KOHA) |
| Fuente del sistema de clasificación o colocación |
Clasificación Decimal Dewey |
| Tipo de ítem Koha |
Libros |
| Suprimir en OPAC |
No |